Numery kierowców Formuły 1 od sezonu 2014 - Statystyki

Ogólne statystyki
  • Ten quiz został rozwiązany 26 razy
  • Średni wynik to 27 z 54
Statystyki odpowiedzi
Numer Kierowca % Poprawnych
44 Lewis Hamilton
94%
4 Max Chilton/Lando Norris
89%
33 Max Verstappen
89%
31 Esteban Ocon
83%
63 George Russell
83%
55 Carlos Sainz
78%
16 Charles Leclerc
78%
3 Daniel Ricciardo
78%
5 Sebastian Vettel/Gabriel Bortoleto
78%
77 Valtteri Bottas
78%
23 Alexander Albon
72%
14 Fernando Alonso
72%
10 Kamui Kobayashi/Pierre Gasly
72%
18 Lance Stroll
72%
6 Nico Rosberg/Nicholas Latifi/Isack Hadjar
72%
1 Sebastian Vettel
72%
11 Sergio Pérez
72%
22 Jenson Button/Yūki Tsunoda
67%
7 Kimi Räikkönen/Jack Doohan
67%
88 Rio Haryanto/Robert Kubica
67%
99 Adrian Sutil/Antonio Giovinazzi
61%
81 Oscar Piastri
61%
12 Felipe Nasr/Andrea Kimi Antonelli
56%
24 Guanyu Zhou
56%
30 Jolyon Palmer/Liam Lawson
56%
9 Marcus Ericsson/Nikita Mazepin
56%
27 Nico Hülkenberg
56%
87 Oliver Bearman
56%
2 Stoffel Vandoorne/Logan Sargeant
56%
17 Jules Bianchi
50%
20 Kevin Magnussen
50%
8 Romain Grosjean
50%
26 Daniil Kvyat
44%
43 Franco Colapinto
44%
47 Stoffel Vandoorne/Mick Schumacher
44%
19 Felipe Massa
33%
40 Paul di Resta/Liam Lawson
33%
13 Pastor Maldonado
28%
28 Will Stevens/Brendon Hartley
28%
21 Esteban Gutiérrez/Nyck de Vries
22%
98 Roberto Merhi
22%
89 Jack Aitken
17%
25 Jean-Éric Vergne
17%
94 Pascal Wehrlein
17%
35 Sergey Sirotkin
17%
53 Alexander Rossi
11%
45 André Lotterer/Nyck de Vries
11%
36 Antonio Giovinazzi
11%
61 Jack Doohan
11%
38 Oliver Bearman
11%
50 Oliver Bearman
11%
51 Pietro Fittipaldi
11%
46 Will Stevens
11%
39 Brendon Hartley
6%
Nie znaleziono quizów pasujących do podanych kryteriów
Rozkład punktacji
Procent ludzi z każdym wynikiem
Percentyl według liczby udzielonych odpowiedzi
Twoja historia wyników
Nie rozwiązałeś tego quizu